| 000 | 01357nam a2200337 i 4500 | ||
|---|---|---|---|
| 003 | EG-GICUC | ||
| 005 | 20260121101452.0 | ||
| 008 | 251211m20082009ye ||||fr|||| 00| 0 ara d | ||
| 017 | _a2008656 | ||
| 040 |
_a EG-GICUC _bara _c EG-GICUC _d EG-GICUC _erda |
||
| 041 | _aara | ||
| 082 | 0 | 4 |
_221 _a343.82 _bص ا . ع |
| 092 | 0 | 4 | _221 |
| 099 | _aLaw1 10 343.82 ص ا . ع 1 ed - 2009 | ||
| 100 | 0 |
_aصالح علي سالم بن شرحي المرفدي _eمؤلف. |
|
| 245 | 1 | 0 |
_aعلم النفس الجنائي وعلم النفس القضائي / _cصالح علي سالم بن شرحي المرفدي. |
| 250 | _aالطبعة الاولى | ||
| 264 | 1 |
_aعدن : _bالمكتبة الوطنية، _c2009. |
|
| 300 |
_a330 صفحة ؛ _c24 سم. |
||
| 336 |
_2rda content _atext |
||
| 337 |
_2rda media _aComputer |
||
| 338 |
_2rda carrier _aOnline Resource |
||
| 504 | _aيحتوي على ارجاعات ببليوجرافية يحتوي على قائمة بالمراجع | ||
| 546 | _aالنص أغلبه باللغة العربية بعض النصوص الإنجليزية والفرنسية | ||
| 650 | 1 | 4 |
_aعلم النفس القضائي _2qrmak |
| 650 | 1 | 4 | _aعلم النفس الجنائي |
| 651 | 1 | _2qrmak | |
| 856 | 4 | 0 | _uhttps://fll.law.cu.edu.eg/fulltext/bks/B10-07168.pdf |
| 905 |
_a75 _eHassnaa |
||
| 942 |
_2ddc _n0 _cBK _e21 |
||
| 999 |
_c49832 _d49832 |
||